City and wind : (Record no. 354150)

000 -LEADER
fixed length control field 00524nam a22001817a 4500
003 - CONTROL NUMBER IDENTIFIER
control field OSt
005 - DATE AND TIME OF LATEST TRANSACTION
control field 20180116192432.0
008 - FIXED-LENGTH DATA ELEMENTS--GENERAL INFORMATION
fixed length control field 160408t xxu||||| |||| 00| 0 eng d
020 ## - INTERNATIONAL STANDARD BOOK NUMBER
International Standard Book Number 9783869223100
040 ## - CATALOGING SOURCE
Transcribing agency 0
082 ## - DEWEY DECIMAL CLASSIFICATION NUMBER
Classification number 720.47
100 1# - MAIN ENTRY--PERSONAL NAME
Personal name Krautheim, Mareike
9 (RLIN) 8415
245 1# - TITLE STATEMENT
Title City and wind :
Remainder of title climate as an architectural instrument
Statement of responsibility, etc. Mareike Krautheim
260 ## - PUBLICATION, DISTRIBUTION, ETC.
Place of publication, distribution, etc. Berlin:
Name of publisher, distributor, etc. A dom publisher,
Date of publication, distribution, etc. 2014.
300 ## - PHYSICAL DESCRIPTION
Extent 207p.:
Other physical details ill;
Dimensions 23cm.
650 ## - SUBJECT ADDED ENTRY--TOPICAL TERM
Topical term or geographic name entry element Architecture
Topical term following geographic name entry element Environmental aspects
9 (RLIN) 8416
942 ## - ADDED ENTRY ELEMENTS (KOHA)
Source of classification or shelving scheme
Koha item type Book
Holdings
Withdrawn status Lost status Source of classification or shelving scheme Damaged status Not for loan Permanent Location Current Location Date acquired Total Checkouts Full call number Barcode Date last seen Cost, replacement price Price effective from Koha item type
          School of Art Design and Architecture (SADA) School of Art Design and Architecture (SADA) 04/04/2016   720.47 KRA 2014 SADA0002567 04/14/2016 3020.61 04/08/2016 Book
© 2023 Central Library, National University of Sciences and Technology. All Rights Reserved.